| 000 | 01116nam0a22002651 4500 | ||
|---|---|---|---|
| 001 | rc\2790460 | ||
| 005 | 20260407011815.0 | ||
| 035 | _a(NLR Aleph) 006916584 | ||
| 090 |
_a7402484 _c7402484 |
||
| 100 | _a20110915d1935 |||y0rusy50 ca | ||
| 101 | 0 | _arus | |
| 102 | _aRU | ||
| 105 | _ay z ||||| | ||
| 200 | 1 |
_aСборник главнейших официальных материалов по вопросам организации и техники советской торговли _fПод ред. и с пред. проф. Г. Г. Швиттау _gНКВТ РСФСР. Иркут. ин-т сов. торговли |
|
| 210 |
_aИркутск _cтип. газ. изд-ва "ВСП" _d1935 |
||
| 215 |
_aОбл., 252 с. _d21х15 см. |
||
| 333 | _aДля служебного пользования | ||
| 702 | 1 |
_aШвиттау _bГ.Г. _4340 _4080 |
|
| 712 | 0 | 2 |
_aИркутский институт советской торговли _3RU\NLR\AUTH\889999250 _9495915 |
| 801 | 0 |
_aRU _bNLR _gpsbo |
|
| 801 | 1 |
_aRU _bELAR _2rusmarc |
|
| 852 |
_aNLR _j35-3/1215 |
||
| 942 | _cBOOK | ||
| 980 | _aNB | ||